=LDR 00000nam 2200000 4500 =001 INLIS000000000026947 =005 20130612125347 =008 ***********************************Ind** =035 ##$$0010-061300000026947 =041 ##$$a Ind =082 ##$$a 381.1 =090 ##$$a 381.1, Abb k =100 ##$$a Abbas, Was'i =245 ##$$a Kiat sukses bisnis ponsel, kumpulan pengalaman pengusaha ponsel yang terbukti tangguh, Was'i Abbas ; editor, Oktaviani Hastu Sudiyarto =260 ##$$a 2005 $b Yogyakarta =300 ##$$a viii, 145 hlm, ilus, 21 cm =650 ##$$a Perdagangan kecil =700 ##$$a Sudiyarto, Oktaviani, Hastu =850 ##$$a NBPNMAT